Personalizované odporúčanie s využitím krátkodobých záujmov

Enregistré dans:
Détails bibliographiques
Auteur principal: Kovalík, Dávid (Auteur)
Autres auteurs: Gašpar, Peter (Directeur de thèse)
Format: Manuscrit Livre
Langue:slovaque
Publié: 2020
Sujets:
Accès en ligne:http://is.stuba.sk/zp/portal_zp.pl?podrobnosti=134859
Tags: Ajouter un tag
Pas de tags, Soyez le premier à ajouter un tag!

MARC

LEADER 00000ntm a22000003a 4500
001 stuzp80568
003 SK-STU
005 20200620211821.6
007 ta
008 150427s2015----xo-----f-mn---000-0-slo-d
040 |a STU  |b slo 
041 0 |a slo 
100 1 |a Kovalík, Dávid  |u 070200  |4 aut  |U FIIT Fakulta informatiky a informačných technológií  |T FIIT Ústav informatiky, informačných systémov a softvérového inžinierstva  |X 85910  |U I200  |Y 179  |7 85910 
242 0 1 |a Personalized recommendation using short-term interests  |y eng 
245 1 0 |a Personalizované odporúčanie s využitím krátkodobých záujmov 
260 |c 2020 
650 4 |a Hybridné odporúčanie  |2 slo 
650 4 |a Model dlhodobých preferencií  |2 slo 
650 4 |a Model krátkodobýchpreferencií  |2 slo 
650 4 |a Hybrid recommendation  |2 eng 
650 4 |a Long-term preference model  |2 eng 
650 4 |a Short-term preference model  |2 eng 
700 1 |a Gašpar, Peter  |u 070200  |k Z3  |4 ths  |U FIIT Fakulta informatiky a informačných technológií  |T FIIT Ústav informatiky, informačných systémov a softvérového inžinierstva  |X 46082  |U I200  |Y 179  |7 46082 
856 4 |u http://is.stuba.sk/zp/portal_zp.pl?podrobnosti=134859